Mythological Moon Names Quiz Stats

Quiz Updated Feb 13, 2016

Challenge
Share
Tweet
Embed
Score 0/32 Timer 06:00
0 Plays Today
Clues Names of Moons % Correct
Zeus turned her into a heifer to try to hide her from Hera... it didn't workIo
67.5%
The Roman god whose arrows always pierce the heartCupid
66.7%
The ferryman of the underworld- that is, if you have the money to pay for your passageCharon
60.1%
The granddaughter of Cronus whose face launched a thousand shipsHelene (Helen of Troy)
58.9%
The goddess of spring and Queen of the UnderworldKore (maiden)
56.6%
An eagle tore apart his liver everyday and it grew back every night to be devoured again the next dayPrometheus (Forethought)
51.6%
The personification of horror, from whose name is derived the English word for 'morbid fear'Phobos (Fear)
51.3%
Zeus kidnapped this Trojan prince and made him a cup-bearer to the gods Ganymede
49.9%
He was the god of gates, doorways, beginnings and endings, and the first month of the year is named after himJanus
49.8%
The nine-headed beast who some think was the guardian of the entrance to the UnderworldHydra
48.7%
The girl who Zeus, in the form of a bull, bore across the ocean to CreteEuropa
48.1%
A son of Ares and Aphrodite, he is the personification of terrorDeimos (Dread)
44.3%
This son of Hermes was always in love with one nymph or another, but they all rejected him because of his uglinessPan
44.1%
The son of Poseidon and Amphitrite, he is the messenger and trumpeter of the seaTriton
42.7%
The Titan who was tricked by Heracles into getting the Apples of Hesperides for himAtlas
39.5%
I'm pretty sure that the gods were mistaken when they thought that she was a good punishment for menPandora (The Gift of All)
38.8%
Clues Names of Moons % Correct
This mischievous fairy from Celtic mythology gives Bottom the head of a donkeyPuck
37.3%
She kept Odysseus prisoner on Ogygia for ten yearsCalypso
32.2%
The unfortunate mother and wife of OedipusIocastê (Jocasta)
29.2%
Hera turned her into a bear when she saw that Zeus had loved herCallisto
27%
The Goddess of Night who, some say, is the mother of the FatesNix (Nyx)
27%
Zeus visited her in the guise of a swanLeda
26.5%
The perfect example of 'think before you act,' his name means 'afterthought' or 'hindsight'Epimetheus
17.2%
A nymph whose essence is bound to a source of fresh waterNaiad
15.8%
Poseidon caused her to fall madly in love with a bull who fathered her son the MinotaurPasiphaë
11.2%
You may get an answer out of this 'Old Man of the Sea' if you can hold on to him Proteus
10.2%
The ancestor of the Jötuns (giants) in Norse mythologyYmir
8.9%
Polyphemus killed her boyfriend out of jealousyGalatea
7.5%
The wolf that chases the chariot of the sun in Norse mythologySköll (Treachery)
6.3%
The Norse god of the sea, known for his great partiesÆgir
4.8%
The wolf that chases the chariot of the moon across the night sky in Norse mythologyHati (Enemy)
4.2%
The human daughter of Demeter and Poseidon in horse formDespina
4.1%

You're not logged in!

Compare scores with friends on all Sporcle quizzes.
Sign Up with Email
OR
Log In

You Might Also Like...

Show Comments

Extras

Top Quizzes Today


Score Distribution

Your Account Isn't Verified!

In order to create a playlist on Sporcle, you need to verify the email address you used during registration. Go to your Sporcle Settings to finish the process.